Progressive Geography Test #1 - Statistics

General Stats
  • This quiz has been taken 9,785 times
    5,907 since last reset
  • The average score is 12 of 20
Answer Stats
Question Answer % Correct
What is the largest country in the world by surface area? Russia
100%
Which African country surrounds Lesotho? South Africa
98%
And what is the most populous city in that country? Johannesburg
93%
Which country's flag is not a quadrilateral? Nepal
89%
What country has the most natural lakes? Canada
87%
What is the largest city in Washington state? Seattle
84%
What is the smallest Australian state? Tasmania
78%
And what is the capital of that state? Hobart
68%
What country has the largest number of wild elephants? Botswana
57%
What river runs through Baghdad? Tigris
54%
In what country would you find the Sinai Peninsula? Egypt
53%
What is the capital of Peru? Lima
52%
Which U.S. state has the most active volcanos? Alaska
51%
What is the largest lake in South America? Lake Titicaca
47%
In which year did Great Britain's lease on Hong Kong expire? 1997
44%
In which U.S. state is the Grand Mesa located? Colorado
39%
Which mountain is known as "Savage Mountain"? K2
33%
What mountain's summit is furthest from the centre of the earth? Mount Chimborazo
16%
In which sea would you find the islands of Bermuda? Sargasso
8%
In what country would you find Astola Island? Pakistan
4%
No matching quizzes found
Score Distribution
Percent of People with Each Score
Percentile by Number Answered
Your Score History
You have not taken this quiz since the last reset